banner-ar

MEDITAIONS METAPHYSQUES OBJECTIONS ET REPONSES SURVIVES DE QUATRE LETTRES / (Record no. 16211)

MARC details
000 -الفاتح
حقل البيانات ثابتة الطول 00658nam a2200229Ia 4500
008 - عناصر البيانات ثابتة الطول - معلومات عامة
حقل البيانات ثابتة الطول 140319s9999 xx 000 0 eng d
040 ## - مصدر الفهرسة
وكالة الفهرسة الأصلية GCL /
وكالة النسخ GCL
082 04 - رقم تصنيف ديوى العشرى
رقم التصنيف 194
رقم المادة D M
100 1# - المدخل الرئيسى - إسم شخصى
الإسم الشخصى DESCARTES, RENE
245 10 - بيان العنوان
العنوان MEDITAIONS METAPHYSQUES OBJECTIONS ET REPONSES SURVIVES DE QUATRE LETTRES /
بيان المسئوليه,etc DESCARTES, RENE
700 1# - المدخل الاضافى - اسم شخصى
الإسم الشخصى BEYSSADE, JEAN - MARIE
700 1# - المدخل الاضافى - اسم شخصى
الإسم الشخصى BEYSSADE, MICHELLE
260 ## - PUBLICATION, DISTRIBUTION, ETC. (IMPRINT)
تاريخ النشر أو التوزيع 1992
300 ## - الوصف المادى
التعداد 574 P
650 04 - المدخل الاضافى بالموضوع-مصطلح موضوعى
مصطلح موضوعي METHODOLOGY
650 04 - المدخل الاضافى بالموضوع-مصطلح موضوعى
مصطلح موضوعي PHILOSOPHY
650 04 - المدخل الاضافى بالموضوع-مصطلح موضوعى
مصطلح موضوعي DESCARTES, RENE(1596 - 1650)
650 04 - المدخل الاضافى بالموضوع-مصطلح موضوعى
مصطلح موضوعي KNOWLEDGE THEORY
650 04 - المدخل الاضافى بالموضوع-مصطلح موضوعى
مصطلح موضوعي FRENCH PHILOSOPHY
942 ## - عناصر المدخل الإضافي( كوها)
مصدر التصنيف او مخطط الترفيف Dewey Decimal Classification
Koha [default] item type كتاب
260 ## - PUBLICATION, DISTRIBUTION, ETC. (IMPRINT)
-- [S.N] :
-- GF - FLAMMARION ،
Holdings
حالة التراجع حالة الفقد حالة تلف ليس للاعارة المكان المؤقت الموقع الحالى تاريخ الاكتساب اجمالي اﻻعارات رقم الطلب الباركود تاريخ اخر مشاهدة تاريخ تفعيل السعر نوع وعاء كوها
        مكتبة القاهرة الكبرى مكتبة القاهرة الكبرى 03/26/2014   194\D M 29592 03/26/2014 03/26/2014 كتاب

Powered By

EGPV